000 00569cam a2200217 4500
008 090401t1983 xxu||||| |||| 00| 0 eng d
020 _a0711457638
035 _a(Sirsi) u39524
041 _aeng
050 _a690.026
245 _aBuilding law reports. - Volume 23.
260 _aLondon
_bGeorge Godwin
_c1983
300 _avi,122p. ; 23cm.
350 _a0
650 _aBUILDING INDUSTRY
650 _aLAW REPORTS
690 _aBUILDING AND CONSTRUCTION-CASE LAW
700 _aLLoyd, Humphrey Reese, Colin,
_xEditor
942 _n0
948 _c04/03/1997
999 _c90791
_d90791